Piłkarska kariera Patrica Evry. - Statystyki

Ogólne statystyki
  • Ten quiz został rozwiązany 59 razy
  • Średni wynik to 3 z 8
Statystyki odpowiedzi
Lata Drużyna % Poprawnych
2006-2014 Manchester United
98%
2014-2017 Juventus
90%
2002-2006 Monaco
45%
2017-2017 Olympique Marsylia
43%
2018-2018 West Ham
27%
2000-2002 Nice
20%
1998-1999 Marsala
6%
1999-2000 Monza
6%
Nie znaleziono quizów pasujących do podanych kryteriów
Rozkład punktacji
Procent ludzi z każdym wynikiem
Percentyl według liczby udzielonych odpowiedzi
Twoja historia wyników
Nie rozwiązałeś tego quizu